000 00590cab a2200217 4500
001 WB2933-30
008 090401t1993 xxu||||| |||| 00| 0 eng d
035 _a(Sirsi) u17850
041 _aeng
245 _aBristol bid for EC aid
260 _c1993
350 _a0
490 _aFinancial Times
_v7 September 1993, 9(1)
520 _aBristol has submitted a bid to the DTI for EC funds allocated to areas suffering industrial decline.
650 _aBRISTOL
650 _aEC FUNDING
650 _aEC REGIONAL AID
690 _aURBAN RENEWAL
942 _n0
948 _c04/03/1997
999 _c11838
_d11838